Stumble Guys Special Emotes - Statistics

General Stats
  • This quiz has been taken 85 times
  • The average score is 4 of 5
Answer Stats
Answer % Correct
Punch
92%
Kick
81%
Banana
80%
Hug
76%
Fire Punch
42%
No matching quizzes found
Score Distribution
Percent of People with Each Score
Percentile by Number Answered
Your Score History
You have not taken this quiz